[Event "FIN-chT1A 1819"]
[Site "Finland"]
[Date "2019.02.09"]
[Round "6.3"]
[White "Heikkinen, Jyrki"]
[Black "Alho, Mikko"]
[Result "1-0"]
[WhiteElo "2010"]
[BlackElo "2098"]
[PlyCount "59"]
[EventDate "2018.09.15"]
[EventType "team-tourn"]
[EventRounds "7"]
[EventCountry "FIN"]
[SourceTitle "EXT 2020"]
[Source "ChessBase"]
[SourceDate "2019.10.17"]
[SourceVersion "1"]
[SourceVersionDate "2019.10.17"]
[SourceQuality "1"]
[WhiteTeam "Helsinki LauttSK"]
[BlackTeam "Vaasa VSS"]
[WhiteTeamCountry "FIN"]
[BlackTeamCountry "FIN"]

1. d4 Nf6 2. f3 d5 3. e4 dxe4 4. Nc3 exf3 5. Nxf3 Bg4 6. h3 Bh5 7. g4 Bg6 8. Ne5 Nfd7 9. Nxg6 hxg6 10. Qf3 Nc6 11. Be3 e6 12. Bb5 Bb4 13. Bxc6 Bxc3+ 14. bxc3 bxc6 15. 0-0 0-0 16. Qxc6 Nb6 17. Qf3 Qd5 18. Qg3 Qc4 19. Bd2 Rad8 20. Bg5 Rd7 21. h4 Nd5 22. Rf3 c5 23. h5 cxd4 24. hxg6 Qc7 25. Qh4 fxg6 26. Rxf8+ Kxf8 27. Qh8+ Kf7 28. Rf1+ Nf6 29. Bxf6 gxf6 30. Rxf6+ 1-0

[Event "FIN-chT1A 1819"]
[Site "Finland"]
[Date "2018.12.08"]
[Round "4.2"]
[White "Vuorisalo, Veli Matti"]
[Black "Alho, Mikko"]
[Result "1-0"]
[WhiteElo "2164"]
[BlackElo "2098"]
[PlyCount "72"]
[EventDate "2018.09.15"]
[EventType "team-tourn"]
[EventRounds "7"]
[EventCountry "FIN"]
[SourceTitle "EXT 2020"]
[Source "ChessBase"]
[SourceDate "2019.10.17"]
[SourceVersion "1"]
[SourceVersionDate "2019.10.17"]
[SourceQuality "1"]
[WhiteTeam "Pori PSY"]
[BlackTeam "Vaasa VSS"]
[WhiteTeamCountry "FIN"]
[BlackTeamCountry "FIN"]

1. Nf3 g6 2. d4 Nf6 3. c4 Bg7 4. Nc3 0-0 5. e4 d6 6. g3 Nc6 7. Bg2 Bg4 8. h3 Bxf3 9. Bxf3 e5 10. d5 Nd4 11. Bg2 c5 12. 0-0 Nd7 13. Ne2 f5 14. Nxd4 cxd4 15. f3 Qc7 16. b3 b5 17. cxb5 fxe4 18. fxe4 Qc3 19. Ba3 Qxg3 20. Bxd6 Qe3+ 21. Kh1 Rxf1+ 22. Qxf1 Rc8 23. Ba3 Bh6 24. Rd1 Rc2 25. Be7 Bf4 26. Qf3 Qxf3 27. Bxf3 Rh2+ 28. Kg1 Rxh3 29. Kf2 Kf7 30. Bd6 Rh2+ 31. Bg2 Nf6 32. Kg1 Ng4 33. Rf1 Ke8 34. Rxf4 exf4 35. Bxf4 Rh5 36. Bf3 Rh4 1-0

[Event "Helsinki We EtVaS A"]
[Site "Helsinki"]
[Date "2017.05.07"]
[Round "5"]
[White "Alho, Mikko"]
[Black "Sipila, Markku"]
[Result "1-0"]
[WhiteElo "2051"]
[BlackElo "2009"]
[PlyCount "33"]
[EventDate "2017.05.05"]
[EventType "swiss"]
[EventRounds "5"]
[EventCountry "FIN"]
[SourceTitle "EXT 2022"]
[Source "ChessBase"]
[SourceDate "2021.10.06"]
[SourceVersion "1"]
[SourceVersionDate "2021.10.06"]
[SourceQuality "1"]

1. e4 d6 2. d4 Nf6 3. Nc3 g6 4. f4 Bg7 5. Nf3 0-0 6. Bd3 Na6 7. Be3 c5 8. d5 Rb8 9. a4 Nc7 10. 0-0 b6 11. Qe1 a6 12. Qh4 b5 13. f5 c4 14. Be2 h5 15. Ng5 e6 16. dxe6 gxf5 17. exf7+ 1-0

[Event "Kuopio We KSY"]
[Site "Kuopio"]
[Date "2017.04.29"]
[Round "1"]
[White "Kinnunen, Markku"]
[Black "Alho, Mikko"]
[Result "0-1"]
[WhiteElo "1971"]
[BlackElo "2038"]
[PlyCount "94"]
[EventDate "2017.04.29"]
[EventType "swiss"]
[EventRounds "5"]
[EventCountry "FIN"]
[SourceTitle "EXT 2022"]
[Source "ChessBase"]
[SourceDate "2021.10.06"]
[SourceVersion "1"]
[SourceVersionDate "2021.10.06"]
[SourceQuality "1"]

1. b3 e5 2. Bb2 Nc6 3. e3 Nf6 4. Bb5 Bd6 5. Na3 Na5 6. Be2 c6 7. c4 0-0 8. Nc2 c5 9. Nf3 Nc6 10. d4 cxd4 11. exd4 e4 12. Nd2 Bc7 13. d5 Ne5 14. 0-0 d6 15. Bxe5 dxe5 16. Ne3 Ne8 17. Nxe4 f5 18. Nc3 Bd6 19. Nc2 e4 20. Qd4 Qe7 21. Rab1 Be5 22. Qd2 Qf6 23. Nd1 f4 24. f3 e3 25. Qb4 Qg6 26. Ndxe3 fxe3 27. Nxe3 Qh6 28. f4 Bd6 29. c5 Bxf4 30. Rxf4 Qxf4 31. Qxf4 Rxf4 32. Bc4 Nf6 33. Rd1 Bg4 34. Rc1 Re8 35. Nxg4 Rxg4 36. c6 bxc6 37. dxc6+ Kf8 38. c7 Rxc4 39. Rxc4 Rc8 40. b4 Ke7 41. Rc5 Kd6 42. a4 Rxc7 43. Ra5 Rb7 44. Ra6+ Kd5 45. b5 Kc5 46. Rc6+ Kb4 47. Ra6 Nd7 0-1

[Event "Helsinki We MatSK (rapid)"]
[Site "Helsinki"]
[Date "2017.02.25"]
[Round "3"]
[White "Alho, Mikko"]
[Black "Turov, Maxim"]
[Result "0-1"]
[WhiteElo "2065"]
[BlackElo "2597"]
[PlyCount "68"]
[EventDate "2017.02.24"]
[EventType "swiss (rapid)"]
[EventRounds "7"]
[EventCountry "FIN"]
[SourceTitle "EXT 2022"]
[Source "ChessBase"]
[SourceDate "2021.10.06"]
[SourceVersion "1"]
[SourceVersionDate "2021.10.06"]
[SourceQuality "1"]

1. e4 c5 2. Nf3 a6 3. c4 Nc6 4. d4 cxd4 5. Nxd4 e6 6. Nxc6 bxc6 7. Bd3 Bc5 8. 0-0 e5 9. Nc3 Nf6 10. Na4 Bd4 11. c5 Qe7 12. Be3 Bxe3 13. fxe3 Rb8 14. Qc2 0-0 15. Qc3 d5 16. b4 Ng4 17. exd5 Nxe3 18. Bxh7+ Kxh7 19. Qxe3 cxd5 20. Nb6 d4 21. Qe4+ Kg8 22. Nd5 Qe6 23. c6 f5 24. Qf3 Qd6 25. Rac1 Rb5 26. Rc5 Be6 27. Rxb5 axb5 28. Nb6 e4 29. Qf4 Qxc6 30. Rc1 Qxb6 31. Rc7 d3+ 32. Kf1 Bc4 33. Ke1 Qg1+ 34. Kd2 e3+ 0-1

[Event "Salo We SalSK A"]
[Site "Salo"]
[Date "2017.02.18"]
[Round "2"]
[White "Alho, Mikko"]
[Black "Lindholm, Jere"]
[Result "0-1"]
[WhiteElo "2065"]
[BlackElo "2022"]
[PlyCount "66"]
[EventDate "2017.02.17"]
[EventType "swiss"]
[EventRounds "5"]
[EventCountry "FIN"]
[SourceTitle "EXT 2022"]
[Source "ChessBase"]
[SourceDate "2021.10.06"]
[SourceVersion "1"]
[SourceVersionDate "2021.10.06"]
[SourceQuality "1"]

1. e4 e6 2. d4 d5 3. Nd2 Nf6 4. e5 Nfd7 5. Bd3 c5 6. c3 Nc6 7. Ne2 cxd4 8. cxd4 f6 9. exf6 Nxf6 10. Nf3 Bd6 11. 0-0 0-0 12. Bf4 Ne4 13. Qc1 Bxf4 14. Nxf4 Qf6 15. Nh5 Qg6 16. Nf4 Qg4 17. g3 g5 18. Ne5 Nxe5 19. dxe5 gxf4 20. f3 Qg5 21. fxe4 Qxe5 22. Kh1 dxe4 23. gxf4 Qd4 24. Rg1+ Kh8 25. Bb5 a6 26. Be2 Bd7 27. Rd1 Qg7 28. Qc7 Bc6 29. Qxg7+ Kxg7 30. Rg1+ Kf6 31. Rg3 Rad8 32. Rc1 Rd2 33. Bxa6 Rfd8 0-1

[Event "Raahe We RaahLi"]
[Site "Raahe"]
[Date "2016.11.05"]
[Round "2"]
[White "Alho, Mikko"]
[Black "Sarkkinen, Heikki"]
[Result "1-0"]
[WhiteElo "2084"]
[BlackElo "1991"]
[PlyCount "57"]
[EventDate "2016.11.05"]
[EventType "swiss"]
[EventRounds "5"]
[EventCountry "FIN"]
[SourceTitle "EXT 2022"]
[Source "ChessBase"]
[SourceDate "2021.10.06"]
[SourceVersion "1"]
[SourceVersionDate "2021.10.06"]
[SourceQuality "1"]

1. e4 d5 2. exd5 Qxd5 3. Nc3 Qd6 4. d4 Nf6 5. Nf3 c6 6. Ne5 Bf5 7. Qf3 Bxc2 8. Bf4 Qd8 9. Bc4 e6 10. Rc1 Bg6 11. h4 Bb4 12. h5 Bxc3+ 13. Rxc3 Be4 14. Qg3 Rg8 15. Bg5 h6 16. Bh4 Kf8 17. Qf4 Nbd7 18. Nxd7+ Qxd7 19. Bxf6 Bxg2 20. Rg1 gxf6 21. Qxf6 Rd8 22. Bf1 Qd5 23. Bxg2 Rxg2 24. Rxg2 Qe4+ 25. Re3 Qb1+ 26. Ke2 Qxb2+ 27. Kf3 Rd5 28. Rxe6 Qa3+ 29. Re3 1-0

[Event "Kokkola We KokkSK"]
[Site "Kokkola"]
[Date "2016.03.19"]
[Round "3"]
[White "Laukkanen, Jere"]
[Black "Alho, Mikko"]
[Result "0-1"]
[WhiteElo "2023"]
[BlackElo "2017"]
[PlyCount "46"]
[EventDate "2016.03.19"]
[EventType "swiss"]
[EventRounds "5"]
[EventCountry "FIN"]
[SourceTitle "EXT 2022"]
[Source "ChessBase"]
[SourceDate "2021.10.06"]
[SourceVersion "1"]
[SourceVersionDate "2021.10.06"]
[SourceQuality "1"]

1. e4 c5 2. Nc3 Nc6 3. Bb5 Nd4 4. Bc4 Nf6 5. e5 Ng8 6. d3 a6 7. Nf3 e6 8. Nxd4 cxd4 9. Ne4 Qa5+ 10. Bd2 Qxe5 11. f4 Qc7 12. Bb3 Nf6 13. 0-0 b6 14. Nxf6+ gxf6 15. f5 Bb7 16. fxe6 dxe6 17. Rxf6 Rg8 18. Rf2 Bd6 19. Qh5 0-0-0 20. Re1 Rg6 21. g3 Bxg3 22. hxg3 Qxg3+ 23. Kf1 Rf6 0-1

[Event "Raahe We RaahLi"]
[Site "Raahe"]
[Date "2015.11.01"]
[Round "4"]
[White "Alho, Mikko"]
[Black "Haataja, Riku"]
[Result "1-0"]
[WhiteElo "2021"]
[BlackElo "2118"]
[PlyCount "49"]
[EventDate "2015.10.31"]
[EventType "swiss"]
[EventRounds "5"]
[EventCountry "FIN"]
[SourceTitle "EXT 2022"]
[Source "ChessBase"]
[SourceDate "2021.10.06"]
[SourceVersion "1"]
[SourceVersionDate "2021.10.06"]
[SourceQuality "1"]

1. e4 e6 2. d4 d5 3. Nd2 Nf6 4. e5 Nfd7 5. Bd3 c5 6. c3 Nc6 7. Ndf3 cxd4 8. cxd4 f6 9. exf6 Nxf6 10. Nh3 Bd6 11. 0-0 0-0 12. Re1 Qc7 13. Nhg5 e5 14. dxe5 Nxe5 15. Bxh7+ Nxh7 16. Nxe5 Nf6 17. Nef3 Bd7 18. Qd3 Bf4 19. Qd4 Bxc1 20. Raxc1 Qd6 21. Ne5 a6 22. Qh4 Bf5 23. g4 Rae8 24. f4 Be4 25. Rxe4 1-0

[Event "Raahe We RaahLi"]
[Site "Raahe"]
[Date "2015.11.??"]
[Round "3"]
[White "Marjusaari, Eero"]
[Black "Alho, Mikko"]
[Result "1/2-1/2"]
[WhiteElo "2092"]
[BlackElo "2021"]
[PlyCount "116"]
[EventDate "2015.10.31"]
[EventType "swiss"]
[EventRounds "5"]
[EventCountry "FIN"]
[SourceTitle "EXT 2022"]
[Source "ChessBase"]
[SourceDate "2021.10.06"]
[SourceVersion "1"]
[SourceVersionDate "2021.10.06"]
[SourceQuality "1"]

1. b3 e5 2. Bb2 Nc6 3. e3 Nf6 4. Bb5 Bd6 5. Na3 a6 6. Bxc6 dxc6 7. Nc4 Qe7 8. Nf3 Bg4 9. h3 Bxf3 10. Qxf3 0-0-0 11. 0-0-0 Kb8 12. e4 Nd7 13. d4 exd4 14. Bxd4 Ne5 15. Nxe5 Bxe5 16. Bxe5 Qxe5 17. Kb1 f6 18. Qe3 Rd6 19. f4 Qe7 20. Rd4 Rxd4 21. Qxd4 Rd8 22. Qe3 c5 23. Re1 c4 24. e5 fxe5 25. fxe5 Qe6 26. Qg5 Rd7 27. g4 h6 28. Qf5 Re7 29. Qxe6 Rxe6 30. bxc4 Kc8 31. Kb2 Rb6+ 32. Kc3 Kd7 33. Kd4 Rb2 34. e6+ Ke7 35. Re2 Rxa2 36. Kd5 Ra5+ 37. Kd4 Ra3 38. h4 Rg3 39. Re4 a5 40. Ke5 b6 41. c5 g6 42. cxb6 cxb6 43. c4 Rc3 44. Kd5 a4 45. Rf4 Rd3+ 46. Kc6 a3 47. Kxb6 Rb3+ 48. Kc6 a2 49. Rf7+ Kxe6 50. Ra7 Rc3 51. Kc5 Rc2 52. Kd4 Rg2 53. Ra6+ Kd7 54. Kd5 Rd2+ 55. Ke5 Kc7 56. g5 hxg5 57. hxg5 Kb7 58. Ra4 Rf2 1/2-1/2

[Event "FIN-chT1A 1516"]
[Site "Finland"]
[Date "2015.10.11"]
[Round "4.3"]
[White "Nordlund, Jukka"]
[Black "Alho, Mikko"]
[Result "1/2-1/2"]
[WhiteElo "2123"]
[BlackElo "1940"]
[PlyCount "116"]
[EventDate "2015.09.12"]
[EventType "team-tourn"]
[EventRounds "8"]
[EventCountry "FIN"]
[SourceTitle "EXT 2017"]
[Source "ChessBase"]
[SourceDate "2016.10.25"]
[SourceVersion "1"]
[SourceVersionDate "2016.10.25"]
[SourceQuality "1"]
[WhiteTeam "Pori PSY"]
[BlackTeam "Vaasa VSS"]
[WhiteTeamCountry "FIN"]
[BlackTeamCountry "FIN"]

1. d4 Nf6 2. c4 g6 3. f3 Bg7 4. e4 d6 5. Nc3 0-0 6. Nge2 c5 7. d5 e6 8. Ng3 a6 9. a4 exd5 10. cxd5 Re8 11. Be2 Nbd7 12. 0-0 Nf8 13. Re1 h5 14. Nf1 b6 15. Nd2 Rb8 16. Nc4 N8h7 17. Bf4 Bf8 18. Qd2 h4 19. Be3 b5 20. axb5 axb5 21. Na5 b4 22. Nd1 Bd7 23. Nc4 Bb5 24. Nf2 Qe7 25. Ra5 Bxc4 26. Bxc4 Ra8 27. Rea1 Rxa5 28. Rxa5 Rb8 29. b3 Rb7 30. Qa2 g5 31. h3 Bh6 32. Ra8+ Kg7 33. Ng4 Nxg4 34. hxg4 Nf8 35. Qa6 Ng6 36. Qc6 Ne5 37. Qc8 Ng6 38. Qg8+ Kf6 39. Qh7 Bf8 40. Qh5 Qe5 41. Ra2 Nf4 42. Qh7 Ng6 43. Qh5 Nf4 44. Qh8+ Bg7 45. Qc8 Re7 46. Ra6 Nxg2 47. Rxd6+ Re6 48. Qd8+ Kg6 49. Rxe6+ fxe6 50. Qxg5+ Qxg5 51. Bxg5 exd5 52. exd5 Kxg5 53. Kxg2 Be5 54. Kh3 Bc7 55. Bf1 Bd6 56. Kg2 Kf4 57. Kf2 Be7 58. Kg2 Bd6 1/2-1/2

[Event "Turku We TSY"]
[Site "Turku"]
[Date "2015.04.11"]
[Round "2"]
[White "Alkkiomaki, Jyrki"]
[Black "Alho, Mikko"]
[Result "0-1"]
[WhiteElo "1942"]
[BlackElo "1940"]
[PlyCount "50"]
[EventDate "2015.04.10"]
[EventType "swiss"]
[EventRounds "5"]
[EventCountry "FIN"]
[SourceTitle "EXT 2022"]
[Source "ChessBase"]
[SourceDate "2021.10.06"]
[SourceVersion "1"]
[SourceVersionDate "2021.10.06"]
[SourceQuality "1"]

1. e4 c5 2. Nf3 d6 3. d4 cxd4 4. Nxd4 Nf6 5. Nc3 g6 6. f4 Bg7 7. e5 Nh5 8. Bb5+ Bd7 9. exd6 0-0 10. Be3 Nxf4 11. 0-0 e5 12. Nb3 Qg5 13. Qf3 Bxb5 14. Nxb5 Nc6 15. g3 e4 16. Qxf4 Qxb5 17. Qxe4 Rae8 18. Qf3 Ne5 19. Qf4 Qe2 20. Bd4 Ng4 21. Bf2 Bh6 22. Nd4 Qxf1+ 23. Rxf1 Bxf4 24. gxf4 Nxf2 25. Rxf2 Rd8 0-1

[Event "FIN-chT1A 1415"]
[Site "Finland"]
[Date "2015.02.07"]
[Round "6.5"]
[White "Johansson, Jukka"]
[Black "Alho, Mikko"]
[Result "1/2-1/2"]
[WhiteElo "2099"]
[BlackElo "1910"]
[PlyCount "69"]
[EventDate "2014.09.27"]
[EventType "team-tourn"]
[EventRounds "7"]
[EventCountry "FIN"]
[SourceTitle "EXT 2017"]
[Source "ChessBase"]
[SourceDate "2016.10.25"]
[SourceVersion "1"]
[SourceVersionDate "2016.10.25"]
[SourceQuality "1"]
[WhiteTeam "Helsinki Garde"]
[BlackTeam "Vaasa VSS"]
[WhiteTeamCountry "FIN"]
[BlackTeamCountry "FIN"]

1. d4 Nf6 2. c4 g6 3. Nc3 Bg7 4. e4 0-0 5. Be2 d6 6. Nf3 e5 7. 0-0 Nc6 8. d5 Ne7 9. Nd2 Nd7 10. b4 a5 11. bxa5 Rxa5 12. Nb3 Ra8 13. a4 c5 14. dxc6 Nxc6 15. Qxd6 Nd4 16. Bd1 Ra6 17. Qb4 Re8 18. Nb5 Bf8 19. Qc3 Nc5 20. Nxc5 Bxc5 21. Ba3 Nxb5 22. cxb5 Bd4 23. Qc1 Rf6 24. Bb2 Be6 25. a5 Bc4 26. Qxc4 Bxb2 27. Ra2 Bd4 28. Bb3 Rf4 29. Qe2 Qc7 30. g3 Rf6 31. Bd5 Rc8 32. Kg2 Qd7 33. a6 bxa6 34. bxa6 Qa7 35. Bb7 1/2-1/2

[Event "Helsinki We Garde 3rd Group B"]
[Site "Helsinki"]
[Date "2014.03.02"]
[Round "5"]
[White "Gronroos, Matti"]
[Black "Alho, Mikko"]
[Result "1/2-1/2"]
[WhiteElo "2000"]
[BlackElo "1953"]
[PlyCount "78"]
[EventDate "2014.02.28"]
[EventType "swiss"]
[EventRounds "5"]
[EventCountry "FIN"]
[SourceTitle "EXT 2022"]
[Source "ChessBase"]
[SourceDate "2021.10.06"]
[SourceVersion "1"]
[SourceVersionDate "2021.10.06"]
[SourceQuality "1"]

1. e4 c5 2. Nf3 d6 3. d4 cxd4 4. Nxd4 Nf6 5. Nc3 e6 6. Bc4 Be7 7. Be3 0-0 8. Bb3 Nc6 9. Qe2 Qa5 10. 0-0-0 Rd8 11. f4 Nxd4 12. Rxd4 Bd7 13. Bf2 e5 14. fxe5 Qxe5 15. h3 Bc6 16. Qf3 Rac8 17. Rhd1 b5 18. Nd5 Bxd5 19. Bxd5 Rc7 20. Bb3 a5 21. a4 bxa4 22. Bxa4 Qe6 23. Bb3 Qc8 24. Ra4 Qb7 25. Rxa5 Ra8 26. Rxa8+ Qxa8 27. Kb1 Rc6 28. Bd5 Nxd5 29. exd5 Ra6 30. Kc1 Ra1+ 31. Kd2 Bg5+ 32. Be3 Rxd1+ 33. Kxd1 Bxe3 34. Qxe3 Qxd5+ 35. Kc1 g6 36. Qd2 Qc6 37. b4 Qb6 38. Kb2 h5 39. Kb3 Kf8 1/2-1/2

[Event "Turku We TuTS"]
[Site "Turku"]
[Date "2013.12.01"]
[Round "5"]
[White "Koskinen, Riku"]
[Black "Alho, Mikko"]
[Result "1-0"]
[WhiteElo "1993"]
[BlackElo "1931"]
[PlyCount "49"]
[EventDate "2013.11.29"]
[EventType "swiss"]
[EventRounds "5"]
[EventCountry "FIN"]
[SourceTitle "EXT 2022"]
[Source "ChessBase"]
[SourceDate "2021.10.06"]
[SourceVersion "1"]
[SourceVersionDate "2021.10.06"]
[SourceQuality "1"]

1. c4 c6 2. Nf3 Nf6 3. e3 d5 4. b3 Bg4 5. Be2 Bxf3 6. Bxf3 d4 7. exd4 Qxd4 8. Nc3 e5 9. 0-0 Nbd7 10. Bb2 0-0-0 11. Qc2 Qh4 12. a4 h5 13. a5 Ng4 14. h3 Bc5 15. Ne4 Bd4 16. a6 b6 17. b4 Ndf6 18. c5 Rh6 19. Nd6+ Rxd6 20. cxd6 Bxf2+ 21. Kh1 c5 22. Qa4 Nd5 23. Bxd5 Rxd6 24. Qe8+ Kc7 25. Bxe5 1-0